[Event "AUTO-OPEN-317"]
[Site "http://www.queenalice.com/game.php?id=83852"]
[Date "2006.7.8"]
[Round "1"]
[White "joaoreis001"]
[Black "BobJones"]
[Result "1-0"]
[WhiteElo "1621"]
[BlackElo "1357"]

1. h3 e5 2. e4 Bc5 3. Nf3 d6 4. Bc4 h6 5. Nc3 Nf6 6. O-O a6 7. a3 Nc6 8. Nd5 Be6
9. d3 Nd4 10. Nxd4 Bxd4 11. c3 Ba7 12. Nxf6+ Qxf6 13. b4 O-O 14. d4 Qg6 15. f4
Bxh3 16. Qf3 Bg4 17. Qg3 exd4 18. f5 dxc3+ 19. Be3 Bxe3+ 20. Qxe3 Qf6 21. Bd5 c6
22. Bb3 Rae8 23. Rf4 c2 24. Rc1 Bd1 25. Bxc2 Bxc2 26. Rxc2 d5 27. g4 Qe5 28. Rc5
Qa1+ 29. Rf1 Rxe4 30. Qxe4 Qxf1+ 31. Kxf1 dxe4 32. Re5 Rd8 33. Rxe4 Kf8 34. Kf2
Rd3 35. a4 Ra3 36. a5 Rb3 37. Ke2 g6 38. f6 h5 39. Rd4 h4 40. Rd8# 1-0

[Event "AUTO-OPEN-317"]
[Site "http://www.queenalice.com/game.php?id=83853"]
[Date "2006.7.8"]
[Round "1"]
[White "BobJones"]
[Black "joaoreis001"]
[Result "1-0"]
[WhiteElo "1409"]
[BlackElo "1706"]

1. e4 d5 2. e5 e6 3. d4 Nc6 4. Nf3 a6 5. a3 g6 6. Nc3 Nh6 7. Bg5 Be7 8. Bxh6 b5
9. Bd3 Bf8 10. Bxf8 Rxf8 11. Qd2 Bb7 12. h4 h5 13. Ng5 Ne7 14. O-O Nf5 15. Bxf5
exf5 16. Nh7 Rh8 17. Nf6+ Kf8 18. Qg5 c6 19. b4 Kg7 20. Ne2 a5 21. Ng3 axb4 22.
Nxf5+ Kf8 23. Nd6 Bc8 24. axb4 Ra4 25. c3 Qe7 26. f4 Be6 27. f5 Bxf5 28. Nxf5
gxf5 29. Qxf5 Qa7 30. Nd7+ Ke8 31. Qxf7+ Kd8 32. Rxa4 bxa4 33. Qf6+ Kc8 34.
Qxh8+ Kc7 35. Nc5 Kb6 36. Rf8 Kb5 37. Ra8 Qf7 38. Ra5+ Kc4 39. Nxa4 Qf5 40. Rc5+
Kd3 41. Qf6 Qe4 42. Qf1+ Ke3 43. Rxc6 Qg4 44. Nb2 Qxh4 45. Qf3+ Kd2 46. Qf2+
Qxf2+ 47. Kxf2 h4 48. e6 Kc2 49. Na4 Kb3 50. Ra6 Kc4 51. e7 Kb5 52. Ra5+ Kc6 53.
e8=Q+ Kd6 54. Ra6+ Kc7 55. Qc6+ Kd8 56. Ra7 h3 57. Qd7# 1-0

[Event "AUTO-OPEN-317"]
[Site "http://www.queenalice.com/game.php?id=83872"]
[Date "2006.7.8"]
[Round "1"]
[White "alecarbar"]
[Black "BobJones"]
[Result "0-1"]
[WhiteElo "1349"]
[BlackElo "1430"]

1. e4 e5 2. Bc4 Nc6 3. Nf3 h6 4. O-O Bc5 5. Nc3 a6 6. a4 d6 7. d3 Bg4 8. h3 Bh5
9. Nd2 Bxd1 10. Rxd1 Qh4 11. g3 Qxh3 12. Nf3 Nd4 13. Nxd4 Bxd4 14. Ra3 Nf6 15.
Rb3 Ng4 16. Rxb7 Bxf2# 0-1

[Event "AUTO-OPEN-317"]
[Site "http://www.queenalice.com/game.php?id=83873"]
[Date "2006.7.8"]
[Round "1"]
[White "BobJones"]
[Black "alecarbar"]
[Result "1-0"]
[WhiteElo "1536"]
[BlackElo "1349"]

1. e4 e5 2. Bc4 Nf6 3. d3 Bc5 4. h3 O-O 5. Bg5 h6 6. Bh4 d6 7. Nc3 Nc6 8. Nd5
Bb4+ 9. c3 Bc5 10. Nxf6+ gxf6 11. Qh5 a6 12. Qxh6 Na5 13. Qg6+ Kh8 14. Bxf6+
Qxf6 15. Qxf6+ Kh7 16. Nf3 Nxc4 17. Ng5+ Kg8 18. Qh6 f6 19. Qh7# 1-0

[Event "AUTO-OPEN-317"]
[Site "http://www.queenalice.com/game.php?id=83882"]
[Date "2006.7.8"]
[Round "1"]
[White "Ze_Pereira"]
[Black "BobJones"]
[Result "1-0"]
[WhiteElo "1500"]
[BlackElo "1590"]

1. d4 d5 2. c4 Nc6 3. e3 a6 4. Nc3 dxc4 5. a4 Na5 6. Nf3 Bg4 7. Be2 f6 8. O-O
Nh6 9. Bd2 c6 10. Ne4 b5 11. axb5 axb5 12. Nc5 e6 13. h3 Bxc5 14. dxc5 Bh5 15.
Nd4 Bxe2 16. Qxe2 Qd5 17. Rxa5 O-O 18. Rfa1 Rac8 19. Qf3 e5 20. Qxd5+ cxd5 21.
Nxb5 Rxc5 22. Bb4 Rxb5 23. Rxb5 Rd8 24. Rba5 Kf7 25. g4 d4 26. exd4 exd4 27.
Ra7+ Kg6 28. f4 f5 29. R1a6+ 1-0

[Event "AUTO-OPEN-317"]
[Site "http://www.queenalice.com/game.php?id=83883"]
[Date "2006.7.8"]
[Round "1"]
[White "BobJones"]
[Black "Ze_Pereira"]
[Result "0-1"]
[WhiteElo "1341"]
[BlackElo "1716"]

1. e4 c5 2. Bc4 e5 3. d3 Nf6 4. Nc3 g6 5. Be3 d6 6. Nf3 Bg7 7. Bg5 O-O 8. Nd5
Nbd7 9. Qd2 Nb6 10. a3 Nbxd5 11. Bxd5 Qc7 12. Bxf6 Bxf6 13. Qh6 Be6 14. Ng5 Bxg5
15. Qxg5 Bxd5 16. exd5 f5 17. h4 Qg7 18. g4 h6 19. Qe3 fxg4 20. O-O-O Rf3 21.
Qd2 h5 22. c4 Raf8 23. Rh2 Kh7 24. Re1 Qh6 25. Re3 Rxe3 26. fxe3 Rf3 27. Re2 g5
28. hxg5 Qxg5 29. Kc2 h4 30. Qe1 g3 31. Qg1 h3 32. e4 g2 33. Re1 Qg3 34. Re2 Rf1
35. Re3 h2 36. Rxg3 hxg1=Q 37. Rh3+ Kg6 38. Kb3 Qd4 39. Rg3+ Kh5 40. Rxg2 Qxd3+
41. Ka2 Qxc4+ 42. b3 Qc1 43. Rh2+ Kg4 44. a4 Qa1# 0-1

[Event "Geraldo"]
[Site "http://www.queenalice.com/game.php?id=87038"]
[Date "2006.7.17"]
[Round "-"]
[White "BobJones"]
[Black "gerajpb"]
[Result "0-1"]
[WhiteElo "1312"]
[BlackElo "1795"]

1. d4 d5 2. c4 dxc4 3. Qa4+ c6 4. Qxc4 Nf6 5. Bf4 Qb6 6. b3 e6 7. Nf3 Nbd7 8. e3
Bb4+ 9. Nc3 Qa5 10. Rc1 Ne4 11. Bd3 Nxc3 12. O-O Nb6 13. Bc7 Nxc4 14. Bxa5 Nxa5
15. Rc2 Nd5 16. Ne5 Bd6 17. Nc4 Nxc4 18. bxc4 Nb4 19. Rd2 Nxd3 20. Rxd3 b6 21.
Rfd1 Ba6 22. Rc3 Rd8 23. Rb1 Rd7 24. c5 bxc5 25. dxc5 Bc7 26. h3 Bb5 27. a3 Ke7
28. g3 Rhd8 29. Kg2 Bd3 30. Rb7 Be4+ 31. Kf1 Rd1+ 0-1

[Event "Challenge"]
[Site "http://www.queenalice.com/game.php?id=87338"]
[Date "2006.7.18"]
[Round "-"]
[White "BobJones"]
[Black "swayne"]
[Result "0-1"]
[WhiteElo "1386"]
[BlackElo "1641"]

1. d4 d5 2. c4 c6 3. c5 Bf5 4. Nc3 Qa5 5. Bd2 Qc7 6. Nf3 h6 7. Ne5 Nf6 8. Bf4
Qa5 9. f3 Nh5 10. Bd2 Qb4 11. Nxd5 Qxd4 12. Nc7+ Kd8 13. Nxf7+ Kxc7 0-1

[Event "AUTO-ADV-208"]
[Site "http://www.queenalice.com/game.php?id=87487"]
[Date "2006.7.19"]
[Round "1"]
[White "klitzke"]
[Black "BobJones"]
[Result "0-1"]
[WhiteElo "1649"]
[BlackElo "1307"]

1. e4 e5 2. Bc4 Nf6 3. Nc3 Bc5 4. Nf3 d6 5. d3 Bg4 6. Bg5 h6 7. Bxf6 Qxf6 8. Nd5
Qd8 9. h3 Bh5 10. O-O O-O 11. b4 Bb6 12. Nxb6 axb6 13. b5 c6 14. d4 exd4 15.
Qxd4 Bxf3 16. gxf3 c5 17. Qc3 Qh4 18. f4 Qxf4 19. Bd5 Nd7 20. Kh1 Ne5 21. Rg1
Ra7 22. Rg3 Rfa8 23. Rag1 g5 24. Bc4 Qxe4+ 25. f3 Qxc4 26. Qe3 Rxa2 27. f4 Qd5+
28. R3g2 Nc4 29. Qg3 Rxc2 30. fxg5 h5 31. g6 f6 32. g7 Rxg2 33. Rxg2 Ne5 34. Qf2
Ra1+ 35. Kh2 Nf3+ 36. Qxf3 Qxf3 0-1

[Event "AUTO-ADV-208"]
[Site "http://www.queenalice.com/game.php?id=87488"]
[Date "2006.7.19"]
[Round "1"]
[White "BobJones"]
[Black "klitzke"]
[Result "0-1"]
[WhiteElo "1312"]
[BlackElo "1646"]

1. e4 e5 2. Nf3 d6 3. Bc4 Nc6 4. a3 h6 5. d3 Nf6 6. Be3 Ng4 7. Qd2 Be7 8. Nc3 a6
9. h3 Nxe3 10. Qxe3 Bg5 11. Nxg5 hxg5 12. Nd5 Nd4 13. O-O-O b5 14. Ba2 Be6 15.
Kb1 c6 16. Nc3 Qa5 17. Bxe6 Nxe6 18. g4 b4 19. axb4 Qxb4 20. Na2 Qa5 21. f3 Rb8
22. Qa7 O-O 23. h4 Nc5 24. Qe7 Rb7 25. Qxg5 Rfb8 26. b3 Nxb3 27. cxb3 Rxb3+ 28.
Ka1 Rb2 29. Rd2 Qxa2# 0-1

[Event "AUTO-ADV-208"]
[Site "http://www.queenalice.com/game.php?id=87497"]
[Date "2006.7.19"]
[Round "1"]
[White "MaxAttax"]
[Black "BobJones"]
[Result "1-0"]
[WhiteElo "1506"]
[BlackElo "1338"]

1. c4 e5 2. g3 Bc5 3. Bg2 d6 4. Nc3 a6 5. Nf3 Nc6 6. O-O Nf6 7. d3 Be6 8. a3 Qd7
9. Ng5 O-O-O 10. Nxe6 fxe6 11. b4 Bd4 12. Qb3 Na7 13. e3 Bxc3 14. Qxc3 h5 15. a4
h4 16. b5 hxg3 17. hxg3 g5 18. bxa6 b6 19. a5 Qh7 20. f3 g4 21. axb6 cxb6 22. f4
exf4 23. exf4 e5 24. fxe5 dxe5 25. Qxe5 Qh2+ 26. Kf2 Ne8 27. Bf4 Rh5 28. Qb8+
Kd7 29. Qxa7+ Ke6 30. Qxb6+ Kd7 31. Rh1 Qxg3+ 32. Bxg3 Rf5+ 33. Ke2 Ng7 34. Qc6+
Ke7 35. Bh4+ 1-0

[Event "AUTO-ADV-208"]
[Site "http://www.queenalice.com/game.php?id=87498"]
[Date "2006.7.19"]
[Round "1"]
[White "BobJones"]
[Black "MaxAttax"]
[Result "0-1"]
[WhiteElo "1462"]
[BlackElo "1546"]

1. e4 c5 2. Nf3 g6 3. Bc4 Bg7 4. Nc3 Nc6 5. a3 e6 6. O-O Nge7 7. d3 d5 8. exd5
exd5 9. Ba2 O-O 10. d4 Nxd4 11. Nxd4 Bxd4 12. Ne2 Bg7 13. Nf4 d4 14. Qf3 Qc7 15.
Nd3 Be6 16. h3 Bxa2 17. Rxa2 Nf5 18. Bf4 Qb6 19. Ne5 Rad8 20. Nc4 Qb5 21. b3 Qd7
22. Re1 b6 23. Ne5 Qd5 24. Qxd5 Rxd5 25. Ng4 Rfd8 26. b4 c4 27. a4 d3 28. cxd3
cxd3 29. Ne3 R5d7 30. Nxf5 gxf5 31. Rd1 h5 32. b5 Kh7 33. a5 Bh6 34. g3 Bxf4 35.
gxf4 Rd4 36. axb6 axb6 37. Ra6 R8d6 38. Kg2 Rxf4 39. f3 Rb4 40. Ra3 Rxb5 41.
Raxd3 Rxd3 42. Rxd3 Rc5 43. Rb3 b5 44. Kg3 Kg6 45. h4 f6 46. Rb4 Kf7 47. Kf4 Ke6
48. Rb3 Rc4+ 49. Ke3 b4 50. f4 Kd5 51. Rd3+ Kc5 52. Rd8 Rc3+ 53. Kd2 Rf3 54.
Rc8+ Kb5 55. Rf8 Rxf4 56. Rxf6 b3 57. Kc3 Rf3+ 58. Kb2 Kc4 59. Rc6+ Kb5 60. Rh6
Kc4 61. Rc6+ Kd4 62. Rb6 Ke4 63. Rb4+ Kd5 64. Rb5+ Kc4 65. Rb8 Rf2+ 66. Kb1 b2
67. Rc8+ Kd3 68. Rd8+ Ke4 69. Re8+ Kf4 70. Rg8 Rh2 71. Rg1 Kf3 72. Rg5 f4 73.
Rxh5 Kg4 74. Rh8 Rxh4 75. Rg8+ Kf3 76. Kxb2 Kf2 77. Kc2 f3 78. Kd3 Ra4 79. Rg5
Ra3+ 80. Kd2 Kf1 81. Rg3 Kf2 82. Rg7 Ra2+ 83. Kd3 Re2 84. Ra7 Kf1 85. Rf7 f2 86.
Ra7 Re1 87. Rg7 Re6 88. Kd2 Rd6+ 89. Ke3 Re6+ 90. Kd2 Re2+ 91. Kd1 Re6 92. Rg3
Rd6+ 93. Kc2 Ke2 94. Rg8 f1=Q 95. Re8+ Kf3 96. Rf8+ Kg2 97. Rxf1 Kxf1 98. Kc3
Ke2 99. Kc4 Ke3 100. Kc5 Rd8 101. Kc6 Ke4 102. Kc5 Rd1 103. Kc6 Ke5 104. Kc7 Ke6
105. Kb6 Rc1 0-1

[Event "AUTO-ADV-212"]
[Site "http://www.queenalice.com/game.php?id=88832"]
[Date "2006.7.23"]
[Round "1"]
[White "BobJones"]
[Black "diegmr"]
[Result "0-1"]
[WhiteElo "1448"]
[BlackElo "1876"]

1. e4 e5 2. Nf3 Nc6 3. Bc4 Bc5 4. a3 Nf6 5. d3 O-O 6. h3 d6 7. Bg5 Na5 8. Nc3
Nxc4 9. dxc4 Be6 10. Bxf6 Qxf6 11. Nd5 Bxd5 12. cxd5 c6 13. O-O Qf4 14. Qd3 cxd5
15. Qxd5 b6 16. b4 Bd4 17. Rad1 Bb2 18. a4 Rac8 19. Qxd6 h6 20. Qd7 a5 21. bxa5
bxa5 22. Qb5 Bc3 23. Rd5 Qxe4 24. Nxe5 Bxe5 25. Rxe5 Qxc2 26. Rfe1 Rc4 27. Qxa5
Rxa4 28. Qd5 Ra2 29. R5e2 Qxe2 30. Rxe2 Rxe2 31. g4 Rfe8 32. Kg2 R8e5 0-1

[Event "AUTO-ADV-212"]
[Site "http://www.queenalice.com/game.php?id=88833"]
[Date "2006.7.23"]
[Round "1"]
[White "diegmr"]
[Black "BobJones"]
[Result "1-0"]
[WhiteElo "1872"]
[BlackElo "1450"]

1. d4 d5 2. c4 Nc6 3. Nf3 dxc4 4. e4 Bg4 5. Be3 Nf6 6. Nc3 e5 7. d5 Ne7 8. Bxc4
Ng6 9. h3 Bxf3 10. Qxf3 Bb4 11. O-O Nh4 12. Qg3 Bxc3 13. bxc3 Nxe4 14. Qxe5+ Qe7
15. Qxg7 O-O-O 16. Qg4+ Kb8 17. f3 Nxc3 18. Qd4 Na4 19. Qxa7+ Kc8 20. Qxa4 Qxe3+
21. Kh2 Qd2 22. Rg1 Nxf3+ 23. Kg3 Nxg1 24. Bb5 Qc3+ 25. Kh2 c6 26. dxc6 Nf3+ 27.
Kg3 Ne5+ 28. Kh2 Nxc6 29. Qg4+ Kb8 30. Qf4+ Ka7 31. Qa4+ Na5 32. Rf1 1-0

[Event "AUTO-ADV-212"]
[Site "http://www.queenalice.com/game.php?id=88834"]
[Date "2006.7.23"]
[Round "1"]
[White "BobJones"]
[Black "edgar_elka"]
[Result "1-0"]
[WhiteElo "1348"]
[BlackElo "1690"]

1. e4 e5 2. Nf3 Nc6 3. Bc4 Nf6 4. Nc3 Bc5 5. h3 O-O 6. a3 a6 7. d3 b5 8. Ba2 d6
9. Bg5 h6 10. Bh4 Be6 11. Nd5 Bxd5 12. Bxd5 Qd7 13. Bxf6 gxf6 14. Qd2 Ra7 15.
Qxh6 Ne7 16. Qxf6 Nxd5 17. exd5 c6 18. dxc6 Qe6 19. Qg5+ Qg6 20. O-O-O Qxg5+ 21.
Nxg5 Bxf2 22. Rdf1 Bh4 23. Nf3 Bg3 24. h4 f6 25. h5 Rc7 26. Rh3 Bf4+ 27. Kb1
Rxc6 28. g3 Bh6 29. Nh4 d5 30. Nf5 Bg5 31. Ne7+ Kh7 32. Nxc6 Rf7 33. Nxe5 Re7
34. Ng6 Re2 35. Nf8+ Kg7 36. Nd7 a5 37. h6+ Bxh6 38. Nxf6 Re5 39. Ng4 Re6 40.
Nxh6 Rxh6 41. Rxh6 Kxh6 42. Rf5 1-0

[Event "AUTO-ADV-212"]
[Site "http://www.queenalice.com/game.php?id=88835"]
[Date "2006.7.23"]
[Round "1"]
[White "edgar_elka"]
[Black "BobJones"]
[Result "1-0"]
[WhiteElo "1655"]
[BlackElo "1317"]

1. e4 e5 2. Nf3 Nc6 3. Nc3 a6 4. Bc4 h6 5. O-O Bc5 6. d3 d6 7. a3 Bg4 8. Nd5 Nf6
9. h3 Bh5 10. c3 Nxd5 11. Bxd5 O-O 12. b4 Ba7 13. d4 exd4 14. Qd3 dxc3 15. Qxc3
Bg6 16. Bb2 Rb8 17. Qxg7# 1-0

[Event "Geraldo"]
[Site "http://www.queenalice.com/game.php?id=101553"]
[Date "2006.9.1"]
[Round "-"]
[White "BobJones"]
[Black "gerajpb"]
[Result "0-1"]
[WhiteElo "1463"]
[BlackElo "1847"]

1. e4 c5 2. Bc4 d6 3. a3 Nf6 4. d3 e6 5. Nc3 d5 6. Bb5+ Bd7 7. Bxd7+ Nbxd7 8.
Bg5 Qb6 9. b3 h6 10. Bh4 Rd8 11. e5 Nxe5 12. Bxf6 gxf6 13. Nf3 Nxf3+ 14. Qxf3
Qa5 15. d4 cxd4 16. b4 Bxb4 17. O-O Bxc3 18. Qxf6 d3 19. Qf3 Bxa1 20. Rxa1 dxc2
21. Rc1 Rc8 22. h3 Qd2 0-1